MDQL
is popping MORE tags! Check the
thread
!
Quizzes
Events
Quiz Creation
Community
Videos
Private Events
Remove Ads
Sign In
Join for FREE
Feedback
Dark Mode
Quiz Categories
Sports
Geography
Music
Movies
Television
Just For Fun
Miscellaneous
History
Literature
Language
Science
Gaming
Entertainment
Religion
Holiday
For Kids
Quiz Lab
Recent
Popular Today
Quiz Kudos Today
Editor Picks
Curator Picks
Quizzes by...
Day
Popularity
Type
Ratings
Length
Year
Community
Subscriptions
Recent Discussions
Orange Saloon
Badges
Playlists
Quests
Create
Leaderboards
Showdown
Live 5
Trivia Bingo
Activity
Puzzle Library
Sporcle Events
Private Events
Virtual Trivia
Globe League
Become a Host
Pub Owners
SporcleCon
Opinionation
Our Games
Videos
Blog
Mobile Apps
Partnerships
Remove Ads and Go Orange
Feedback
Television
TV Characters
TV Show
Sitcom
Network
Friends
Reality Shows
Cast
South Park
Star Trek
The Simpsons
Doctor Who
Television
TV Characters
TV Show
Sitcom
Network
Friends
Reality Shows
Cast
South Park
Star Trek
The Simpsons
Doctor Who
Random Quiz
Search Sporcle
×
Quiz Lab
Quiz Lab
Television
bob
Type in answers that appear in a list
Type in answers that appear in a list
Classic
Best Score? Go Orange.
Bob's Burgers episodes Stats
Can you name the Bob's Burgers episodes
By
itty_bitty_50
20m
271 Questions
1,235 Plays
1,235 Plays
1,235 Plays
Comments
Comments
Give Quiz Kudos
Give Quiz Kudos
-
- Ratings
hide this ad
Replay
Link that replays current quiz
Next Quiz
Link to next quiz in quiz playlist
You Got
0%
They Got
Avg Score
31%
Avg Friend Score
Upgrade to see
Score Distribution
Jump to the score distribution portion of the page
Score
0/271
Timer
20:00
0
Plays Today
Season 1
% Correct
Human Flesh
91.8%
Crawl Space
86.1%
Art Crawl
80.5%
The Belchies
79.1%
Sheesh! Cab, Bob?
77.1%
Bad Tina
76.7%
Weekend at Mort's
76.6%
Lobsterfest
76.5%
Sexy Dance Fighting
76.4%
Full Bars
75.2%
Sacred Cow
74.7%
Torpedo
74.4%
Beefsquatch
74.3%
Bob Fires the Kids
74.3%
Ear-sy Rider
74.3%
Dr. Yap
74%
Burgerboss
73.7%
Bob Day Afternoon
73.6%
Lindapendent Woman
73.4%
The Gayle Tales
72.2%
Christmas in the Car
72.1%
The Bleakening - Part Two
71.2%
A River Runs Through Bob
70.5%
Turkey in a Can
69.8%
Fort Night
69.6%
Food Truckin'
68.9%
Burger War
68.7%
Flu-ouise
68.7%
The Bleakening - Part One
68%
Work Hard or Die Trying, Girl
67.8%
The Frond Files
67.6%
Two for Tina
67.5%
Sexy Dance Healing
66.5%
The Kids Run the Restaurant
66.5%
Hamburger Dinner Theater
66.1%
Bed & Breakfast
65.7%
An Indecent Thanksgiving Proposal
65.6%
Gene It On
65.3%
Synchronized Swimming
65.1%
Uncle Teddy
64.9%
The Oeder Games
64.6%
The Hauntening
64.6%
Eat, Spray, Linda
64.3%
Boyz 4 Now
64.2%
The Kids Run Away
64.1%
Topsy
63.8%
Family Fracas
63.8%
Moody Foodie
63.2%
The Deepening
63.2%
Spaghetti Western and Meatballs
62.9%
Seaplane!
62.8%
The Kids Rob a Train
62.7%
Sliding Bobs
62.5%
Gayle Makin' Bob Sled
62.5%
Carpe Museum
62.3%
Brunchsquatch
62.1%
Nude Beach
62%
Tina and the Real Ghost
61.9%
Stand by Gene
61.6%
Dawn of the Peck
61.6%
The Unbearable Like-Likeness of Gene
61.1%
Mother Daughter Laser Razor
61%
My Fuzzy Valentine
60.6%
Mazel Tina
60.5%
Father of the Bob
60.4%
O.T.: The Outside Toilet
60.2%
Hawk & Chick
59.8%
Best Burger
59.8%
The Unnatural
59.6%
Purple Rain-union
59.3%
It Snakes a Village
59.1%
Bob and Deliver
58.9%
Teen-a Witch
58.8%
Ambergris
58.8%
Wharf Horse (or How Bob Saves/Destroys the Town - Part I)
58.8%
Nice-Capades
58.6%
The Gene & Courtney Show
58.6%
Glued, Where's My Bob?
58.6%
Sea Me Now
56.9%
Sacred Couch
56.8%
Mutiny on the Windbreaker
56.4%
Bob Actually
56.1%
Speakeasy Rider
55.1%
The Equestranauts
55%
God Rest Ye Merry Gentle-Mannequins
54.8%
Tinarannosaurus Wrecks
54.6%
The Plight Before Christmas
54.5%
Amelia
54.5%
The Wolf of Wharf Street
53.7%
The Millie-churian Candidate
53.4%
V for Valentine-detta
53.3%
Season 1
% Correct
Slumber Party
53.3%
The Land Ship
53.3%
House of 1000 Bounces
53.3%
Ex MachTina
53.1%
Tina Tailor Soldier Spy
52.8%
Y Tu Tina También
52.5%
Bye Bye Boo Boo
52.4%
Late Afternoon in the Garden of Bob and Louise
52.2%
Broadcast Wagstaff School News
52.1%
World Wharf II (or How Bob Saves/Destroys the Town - Part II)
51.8%
The Ring (But Not Scary)
51.3%
My Big Fat Greek Bob
51.1%
Lice Things Are Lice
50.7%
Adventures in Chinchilla-sitting
50.5%
The Last Gingerbread House on the Left
50.4%
Midday Run
50.1%
Into the Mild
50.1%
Housetrap
50%
Eggs for Days
49.8%
The Horse Rider-er
49.8%
Pro Tiki/Con Tiki
49.5%
The Quirk-ducers
49.4%
Friends With Burger-fits
49.1%
The Itty Bitty Ditty Committee
49.1%
Manic Pixie Crap Show
49.1%
Can't Buy Me Math
48.7%
Zero Larp Thirty
48.4%
Thanks-hoarding
48.1%
Presto Tina-o
48%
The Cook, The Steve, The Gayle, & Her Lover
47.9%
The Runway Club
47.1%
Like Gene for Chocolate
47.1%
The Silence of the Louise
47.1%
Y Tu Ga-Ga Tambien
47%
Wag the Hog
46.8%
Easy Com-mercial, Easy Go-mercial
46.2%
Thelma & Louise Except Thelma is Linda
45.8%
The Amazing Rudy
45.5%
Show Mama from the Grave
45.5%
I Get Psy-chic Out of You
45.3%
Large Brother, Where Fart Thou?
45.1%
Aquaticism
44.9%
A Few 'Gurt Men
44.8%
Li'l Hard Dad
44%
They Serve Horses, Don't They?
44%
Roamin' Bob-iday
43.7%
There's No Business Like Mr. Business Business
43.2%
Driving Big Dummy
43.1%
Paraders of the Lost Float
43%
Pig Trouble in Little Tina
42.1%
The Helen Hunt
42%
The Pumpkinening
42%
The Laser-inth
42%
Bobby Driver
41.8%
Copa-Bob-bana
41.4%
Just One of the Boyz 4 Now for Now
41.4%
The Hormone-iums
41.4%
Worms of In-Rear-ment
41.2%
Bridge Over Troubled Rudy
40.8%
Secret Admiral-irer
40.8%
Sit Me Baby One More Time
40.4%
Cheer Up, Sleepy Gene
40.1%
The Grand Mama-pest Hotel
40%
Dream a Little Bob of Bob
40%
Loft in Bedslation
39.9%
Ain't Miss Debatin'
39.6%
Yurty Rotten Scoundrels
39.5%
Yes Without My Zeke
39.4%
Now We're Not Cooking with Gas
39.2%
The Hurt Soccer
39.2%
The Gene Mile
39.2%
Yachty or Nice
39%
Mom, Lies, and Videotape
38.6%
Go Tina on the Mountain
38.1%
Legends of the Mall
37.7%
Prank You for Being a Friend
37.6%
Have Yourself a Maily Linda Christmas
37.3%
Stuck in the Kitchen with You
36.7%
The Taking of Funtime One Two Three
36.7%
Just the Trip
36.6%
I Bob Your Pardon
36.6%
Better Off Sled
36.2%
The Secret Ceramics Room of Secrets
36.1%
Are You There Bob? It's Me, Birthday
35.8%
Nightmare on Ocean Avenue Street
35.7%
Heartbreak Hotel-oween
35.5%
Diarrhea of a Poopy Kid
35.5%
Mo Mommy Mo Problems
35.4%
Gene's Christmas Break
35.3%
Sleeping with the Frenemy
35%
Fingers-loose
34.8%
Season 1
% Correct
The Handyman Can
34.6%
Poops... I Didn't Do It Again
34.6%
What About Blob?
34.6%
The Hawkening: Look Who's Hawking Now!
34.6%
A Fish Called Tina
34.5%
Flat-Top o' the Morning to Ya
34.5%
Every Which Way but Goose
34.5%
Bob Belcher and the Terrible, Horrible, No Good, Very Bad Kids
33.6%
The Terminalator II: Terminals of Endearment
33.6%
Die Card, or Card Trying
33.5%
Tappy Tappy Tappy Tap Tap Tap
33.3%
Vampire Disco Death Dance
33.1%
An Incon-Wheelie-ent Truth
33%
Something Old, Something New, Something Bob Caters for You
33%
Wag the Song
33%
P.T.A. It Ain't So
32.9%
Drumforgiven
32.7%
Local She-ro
32.6%
Boys Just Wanna Have Fungus
32.5%
The Trouble with Doubles
32.5%
Lorenzo's Oil? No, Linda's
32.4%
Tweentrepreneurs
32.1%
All That Gene
31.9%
Three Girls and a Little Wharfy
31.8%
Land of the Loft
31.5%
Mission Impos-slug-ble
30.9%
Steal Magazine-olias
30.9%
UFO No You Didn't
30.8%
Fast Time Capsules at Wagstaff School
30.6%
Boywatch
30.4%
Crystal Mess
30%
Bed, Bob & Beyond
29.9%
Roller? I Hardly Know Her!
29.7%
Beach, Please
29.3%
FOMO You Didn't
29.3%
If You Love It So Much, Why Don't You Marionette
29.2%
Tell Me Dumb Thing Good
28.6%
Romancing the Beef
28.6%
As I Walk Through the Alley of the Shadow of Ramps
28.5%
Motor, She Boat
27.9%
Seven-tween Again
27.9%
The Fresh Princ-ipal
27.6%
To Bob, or Not to Bob
27.3%
Mission Impossi-Bob
27.3%
Apple Gore-chard! (But Not Gory)
27.3%
Mommy Boy
26.5%
Sheshank Redumption
26.4%
Some Kind of Fender Bender-ful
26.3%
Long Time Listener, First Time Bob
26.2%
Mr. Lonely Farts
25.3%
Touch of Eval(uations)
24%
Live and Let Fly
23.3%
The Reeky Lake Show
18.2%
Stop! Or My Mom Will Sleuth!
9.1%
Fight at the Not Okay Chore-ral
9.1%
What About Job?
9.1%
So You Stink You Can Dance
9.1%
Ready Player Gene
9.1%
Putts-giving
9.1%
These Boots Are Made for Stalking
9.1%
The Show (and Tell) Must Go On
9.1%
What a (April) Fool Believes
9.1%
Crab-solutely Fabulous
9.1%
Radio No You Didn't
9.1%
Mother Author Laser Pointer
9.1%
Running Down a Gene
9.1%
The Pickleorette
9.1%
Escape from Which Island?
9.1%
Wharf, Me Worry?
9.1%
Fraud of the Dead: Zombie-docu-pocalypse
9.1%
The Nightmare 2 Days Before Christmas
9.1%
Ancient Misbehavin'
9.1%
Sauce Side Story
9.1%
Ferry On My Wayward Bob and Linda
0%
Some Like It Bot Part 2: Judge-bot Day
0%
Comet-y of Errors
0%
Oh Row You Didn't
0%
Crows Encounters of the Bird Kind
0%
Gift Card or Buy Trying
0%
Bully-ieve It or Not
0%
The (Raccoon) King and I
0%
Frigate Me Knot
0%
Video Killed the Gene-io Star
0%
Interview With A Pop-Pop-pire
0%
The Spider House Rules
0%
Clear and Present Ginger
0%
A-Sprout a Boy
0%
Some Like It Bot Part 1: Eighth Grade Runner
0%
Cheaty Cheaty Bang Bang
0%
Quiz Playlist
Details
Report
Send in Message
Add To Playlist
Classic:
Type in answers that appear in a list
Last Updated: Feb 15, 2024
Quiz Scoreboard
CHALLENGE
Sign Up to Join the Scoreboard
Show All
Scores
Hide
Comments
May contain spoilers
Recently Published
5x2 Blitz: Bands
by SL_Kpop136
Music
30s
Colored Red Africa Blitz
by spor1
Geography
30s
Find the 'City' Movie
by crazypaving
Movies
60s
More to Explore
Quiz From the Vault
Featured Blog Post
14 Easter Pick-up Lines to Find Eggs With
hide this ad
You Might Also Like...
Tags
bob
Bob's Burgers
episode
season
Today's Top Quizzes in Television
Browse Television
hide this ad
Today's Top Quizzes in bob
Browse bob
Top Contributed Quizzes in Television
1
Survivor Journey Challenge
2
Adjectives in 80s TV Shows
3
Adjectives in 00s TV Shows
4
5-to-1: The Simpsons Families
5
Adjectives in 10s TV Shows
6
5-to-1: Television Doctors
7
7-to-1: TV Show Settings
8
Adjectives in 70s TV Shows
9
5-to-1: Streaming Originals
10
Survivor Seasons
Explore More
Trending Topics
NBA
Crossword
Kpop
Anime
Disney
Harry Potter
Marvel
Soccer
Pokémon
NFL
WWE
Country
Puzzle
The Office
Song
hide this ad
More By:
itty_bitty_50
Quiz
Plays
Rating
Category
Featured
Created
Bob's Burgers episodes
1,235
4.33
Television
Jun 12, 2014
Stereophonics songs
785
Music
Feb 16, 2018
Red Hot Chili Peppers Music Videos
426
4.00
Music
Mar 26, 2014
Manic Street Preachers Music Videos
174
2.50
Music
Mar 25, 2014
Manic Street Preachers song titles poorly tranlsated
173
2.00
Music
Apr 3, 2014
Go to Creator's Profile
Score Distribution
Quiz Creator Spotlight
itty_bitty_50
Follow
Send a Message
Quizzes Created
-
Created Quiz Play Count
-
More By This Creator
Popular Quizzes Today
1
5x2 Blitz: Bands
2
Find the 'City' Movie
3
Find the US States - No Outlines Minefield
4
Colored Red Africa Blitz
5
The Countries of the World
6
Find the US States
7
Risky Map Clicking: Biggest States A-Z
8
9x9 Crossword: Cartoon Network
More Television Quizzes
Kamen Rider Geats - Rider Core IDs
Quiz Lab
Trending Quizzes
Colored Red Africa Blitz II
Colored Red Europe Blitz I
Find the 'Dark' Movie
Find the 'Day' Movie
Find the 'Good' Movie
Recently Updated
Champions League XIs: Real Madrid
pecheneg
Largest US Cities 1790-2010
pecheneg
Rides in Walt Disney World
pecheneg
Most Oscar Losses (Acting)
pecheneg
Beyoncé Albums
pecheneg
Leaping Animals
pecheneg
Reality TV Shows (A-Z)
bhenderson79
Rickey Henderson's Hall of Fame Teammates
pecheneg
Champions League XIs: Arsenal
pecheneg
Quick Pick: Celebrities in WWE's Hall of Fame
aduchscher
Trending Topics
Disney
Anime
Crossword
Harry Potter
NBA
Kpop
Marvel
Song
Puzzle
WWE
NFL
The Office
Soccer
Country
Pokémon
Your Account Isn't Verified!
In order to create a playlist on Sporcle, you need to verify the email address you used during registration. Go to your
Sporcle Settings
to finish the process.
Report this User
Report this user for behavior that violates our
Community Guidelines
.
Details:
Send Report
Go to the Sporcle.com Mobile Site →
Comments